<?xml version="1.0" encoding="UTF-8"?>
<record
    xmlns:xsi="http://www.w3.org/2001/XMLSchema-instance"
    xsi:schemaLocation="http://www.loc.gov/MARC21/slim http://www.loc.gov/standards/marcxml/schema/MARC21slim.xsd"
    xmlns="http://www.loc.gov/MARC21/slim">

  <leader>01918nam0a22003011  4500</leader>
  <controlfield tag="001">rc\2658350</controlfield>
  <controlfield tag="005">20250529193108.0</controlfield>
  <datafield tag="035" ind1=" " ind2=" ">
    <subfield code="a">(NLR Aleph) 006965521</subfield>
  </datafield>
  <datafield tag="090" ind1=" " ind2=" ">
    <subfield code="a">5387782</subfield>
    <subfield code="c">5387782</subfield>
  </datafield>
  <datafield tag="100" ind1=" " ind2=" ">
    <subfield code="a">20110615d1932    |||y0rusy50      ca</subfield>
  </datafield>
  <datafield tag="101" ind1="0" ind2=" ">
    <subfield code="a">rus</subfield>
  </datafield>
  <datafield tag="102" ind1=" " ind2=" ">
    <subfield code="a">RU</subfield>
  </datafield>
  <datafield tag="105" ind1=" " ind2=" ">
    <subfield code="a">a   z   |||||</subfield>
  </datafield>
  <datafield tag="200" ind1="1" ind2=" ">
    <subfield code="a">&#x424;&#x438;&#x437;&#x438;&#x447;&#x435;&#x441;&#x43A;&#x438;&#x435; &#x43C;&#x435;&#x442;&#x43E;&#x434;&#x44B; &#x43B;&#x435;&#x447;&#x435;&#x43D;&#x438;&#x44F; &#x432; &#x438;&#x445; &#x43F;&#x440;&#x430;&#x43A;&#x442;&#x438;&#x447;&#x435;&#x441;&#x43A;&#x43E;&#x43C; &#x43F;&#x440;&#x438;&#x43C;&#x435;&#x43D;&#x435;&#x43D;&#x438;&#x438;</subfield>
    <subfield code="e">(&#x41F;&#x43E;&#x441;&#x43E;&#x431;&#x438;&#x435; &#x434;&#x43B;&#x44F; &#x432;&#x440;&#x430;&#x447;&#x435;&#x439; &#x438; &#x441;&#x442;&#x443;&#x434;&#x435;&#x43D;&#x442;&#x43E;&#x432;)</subfield>
    <subfield code="f">&#x421;.&#x421;. &#x41B;&#x435;&#x43F;&#x441;&#x43A;&#x438;&#x439;</subfield>
    <subfield code="g">&#x41F;&#x440;&#x438; &#x443;&#x447;&#x430;&#x441;&#x442;&#x438;&#x438;: &#x43F;&#x440;&#x43E;&#x444;. &#x412;.&#x410;. &#x410;&#x43B;&#x435;&#x43A;&#x441;&#x430;&#x43D;&#x434;&#x440;&#x43E;&#x432;&#x430; ..., &#x43F;&#x440;&#x43E;&#x444;. &#x421;.&#x410;. &#x411;&#x440;&#x443;&#x448;&#x442;&#x435;&#x439;&#x43D;&#x430;, &#x43F;&#x440;&#x43E;&#x444;. &#x413;.&#x41F;. &#x41C;&#x435;&#x449;&#x435;&#x440;&#x441;&#x43A;&#x43E;&#x433;&#x43E; ... [&#x438; &#x434;&#x440;.]</subfield>
    <subfield code="g">&#x41F;&#x43E;&#x434; &#x43E;&#x431;&#x449;. &#x440;&#x435;&#x434;. &#x410;. &#x41B;&#x430;&#x43A;&#x435;&#x440;&#x430; &#x434;&#x438;&#x440;&#x435;&#x43A;&#x442;&#x43E;&#x440;&#x430; &#x424;&#x438;&#x437;&#x438;&#x43E;&#x442;&#x435;&#x440;&#x430;&#x43F;&#x435;&#x432;&#x442;. &#x438;&#x43D;-&#x442;&#x430; &#x43F;&#x440;&#x438; &#x420;&#x443;&#x434;&#x43E;&#x43B;&#x44C;&#x444; &#x412;&#x438;&#x440;&#x445;&#x43E;&#x432;&#x441;&#x43A;&#x43E;&#x439; &#x431;&#x43E;&#x43B;&#x44C;&#x43D;&#x438;&#x446;&#x435; &#x432; &#x411;&#x435;&#x440;&#x43B;&#x438;&#x43D;&#x435;</subfield>
  </datafield>
  <datafield tag="210" ind1=" " ind2=" ">
    <subfield code="a">&#x41C;&#x43E;&#x441;&#x43A;&#x432;&#x430;</subfield>
    <subfield code="a">&#x41B;&#x435;&#x43D;&#x438;&#x43D;&#x433;&#x440;&#x430;&#x434;</subfield>
    <subfield code="c">&#x41E;&#x433;&#x438;&#x437;</subfield>
    <subfield code="c">&#x413;&#x43E;&#x441;. &#x43C;&#x435;&#x434;. &#x438;&#x437;&#x434;-&#x432;&#x43E;</subfield>
    <subfield code="d">1932 [&#x43D;&#x430; &#x43E;&#x431;&#x43B;: 1931]</subfield>
    <subfield code="e">&#x41B;&#x435;&#x43D;&#x438;&#x43D;&#x433;&#x440;&#x430;&#x434;</subfield>
    <subfield code="g">&#x442;&#x438;&#x43F;. &#x438;&#x43C;. &#x415;&#x432;&#x433;. &#x421;&#x43E;&#x43A;&#x43E;&#x43B;&#x43E;&#x432;&#x43E;&#x439;</subfield>
  </datafield>
  <datafield tag="215" ind1=" " ind2=" ">
    <subfield code="a">275 &#x441;., 1 &#x441;. &#x43E;&#x431;&#x44A;&#x44F;&#x432;&#x43B;.</subfield>
    <subfield code="c">&#x438;&#x43B;.</subfield>
    <subfield code="d">27&#x445;18 &#x441;&#x43C;</subfield>
  </datafield>
  <datafield tag="300" ind1=" " ind2=" ">
    <subfield code="a">&#x418;&#x437; &#x43F;&#x440;&#x435;&#x434;&#x438;&#x441;&#x43B;&#x43E;&#x432;&#x438;&#x44F;: "&#x42F; &#x43E;&#x447;&#x435;&#x43D;&#x44C; &#x43E;&#x445;&#x43E;&#x442;&#x43D;&#x43E; &#x43E;&#x442;&#x43A;&#x43B;&#x438;&#x43A;&#x43D;&#x443;&#x43B;&#x441;&#x44F; &#x43D;&#x430; &#x43F;&#x440;&#x43E;&#x441;&#x44C;&#x431;&#x443; &#x430;&#x432;&#x442;&#x43E;&#x440;&#x430; &#x43F;&#x440;&#x43E;&#x441;&#x43C;&#x43E;&#x442;&#x440;&#x435;&#x442;&#x44C; &#x438; &#x434;&#x43E;&#x43F;&#x43E;&#x43B;&#x43D;&#x438;&#x442;&#x44C; &#x43C;&#x43E;&#x438;&#x43C;&#x438; &#x441;&#x43E;&#x431;&#x441;&#x442;&#x432;&#x435;&#x43D;&#x43D;&#x44B;&#x43C;&#x438; &#x43D;&#x430;&#x431;&#x43B;&#x44E;&#x434;&#x435;&#x43D;&#x438;&#x44F;&#x43C;&#x438; &#x441;&#x43E;&#x441;&#x442;&#x430;&#x432;&#x43B;&#x435;&#x43D;&#x43D;&#x44B;&#x435; &#x438;&#x43C; &#x442;&#x430;&#x431;&#x43B;&#x438;&#x446;&#x44B; &#x444;&#x438;&#x437;&#x438;&#x447;&#x435;&#x441;&#x43A;&#x438;&#x445; &#x43C;&#x435;&#x442;&#x43E;&#x434;&#x43E;&#x432; &#x43B;&#x435;&#x447;&#x435;&#x43D;&#x438;&#x44F; &#x438; &#x43E;&#x431;&#x44A;&#x44F;&#x441;&#x43D;&#x435;&#x43D;&#x438;&#x44F; &#x43A; &#x43D;&#x438;&#x43C;" ... &#x410;. &#x41B;&#x430;&#x43A;&#x435;&#x440;</subfield>
  </datafield>
  <datafield tag="320" ind1=" " ind2=" ">
    <subfield code="a">&#x411;&#x438;&#x431;&#x43B;&#x438;&#x43E;&#x433;&#x440;.: "&#x41B;&#x438;&#x442;&#x435;&#x440;&#x430;&#x442;&#x443;&#x440;&#x430;" (&#x441;. 267-72)</subfield>
  </datafield>
  <datafield tag="700" ind1=" " ind2="1">
    <subfield code="a">&#x41B;&#x435;&#x43F;&#x441;&#x43A;&#x438;&#x439;</subfield>
    <subfield code="b">&#x421;.&#x421;.</subfield>
    <subfield code="f">1891-</subfield>
    <subfield code="g">&#x421;&#x435;&#x43C;&#x435;&#x43D; &#x421;&#x435;&#x43C;&#x435;&#x43D;&#x43E;&#x432;&#x438;&#x447;</subfield>
  </datafield>
  <datafield tag="702" ind1=" " ind2="1">
    <subfield code="a">&#x410;&#x43B;&#x435;&#x43A;&#x441;&#x430;&#x43D;&#x434;&#x440;&#x43E;&#x432;</subfield>
    <subfield code="b">&#x412;.&#x410;.</subfield>
    <subfield code="4">570</subfield>
  </datafield>
  <datafield tag="702" ind1=" " ind2="1">
    <subfield code="a">&#x411;&#x440;&#x443;&#x448;&#x442;&#x435;&#x439;&#x43D;</subfield>
    <subfield code="b">&#x421;.&#x410;.</subfield>
    <subfield code="4">570</subfield>
  </datafield>
  <datafield tag="702" ind1=" " ind2="1">
    <subfield code="a">&#x41C;&#x435;&#x449;&#x435;&#x440;&#x441;&#x43A;&#x438;&#x439;</subfield>
    <subfield code="b">&#x413;.&#x41F;.</subfield>
    <subfield code="4">570</subfield>
  </datafield>
  <datafield tag="702" ind1=" " ind2="1">
    <subfield code="a">&#x41B;&#x430;&#x43A;&#x435;&#x440;</subfield>
    <subfield code="b">&#x410;.</subfield>
    <subfield code="g">&#x410;&#x432;&#x433;&#x443;&#x441;&#x442;</subfield>
    <subfield code="4">570</subfield>
  </datafield>
  <datafield tag="801" ind1=" " ind2="0">
    <subfield code="a">RU</subfield>
    <subfield code="b">NLR</subfield>
    <subfield code="g">psbo</subfield>
  </datafield>
  <datafield tag="801" ind1=" " ind2="1">
    <subfield code="a">RU</subfield>
    <subfield code="b">ELAR</subfield>
    <subfield code="2">rusmarc</subfield>
  </datafield>
  <datafield tag="852" ind1=" " ind2=" ">
    <subfield code="a">NLR</subfield>
    <subfield code="j">32-5/217</subfield>
  </datafield>
  <datafield tag="942" ind1=" " ind2=" ">
    <subfield code="c">BOOK</subfield>
  </datafield>
  <datafield tag="980" ind1=" " ind2=" ">
    <subfield code="a">NB</subfield>
  </datafield>
  <datafield tag="995" ind1=" " ind2=" ">
    <subfield code="5">2013-10-26</subfield>
    <subfield code="b">NLR02</subfield>
    <subfield code="c">NLR02</subfield>
    <subfield code="e">RFS</subfield>
    <subfield code="f">6965521-10</subfield>
    <subfield code="k">32-5/217</subfield>
    <subfield code="o">0</subfield>
    <subfield code="r">BOOK</subfield>
    <subfield code="s">325217_</subfield>
  </datafield>
</record>
